Avrupa Topluluğu'na tam üyeliğin Türkiye'nin tarımsal ürünler üretimi, fiyatları ve dış ticaretinde yaratacağı olası değişmeler (Record no. 3189)

MARC details
000 -BAŞLIK
Sabit Uzunlukta Kontrol Alanı 00928na a2200277 4500
001 - KONTROL NUMARASI
Denetim Alanı 17726
003 - KONTROL NUMARASI IDENTIFIER
Denetim Alanı MIRAKIL
005 - SON İŞLEM TARİHİ VE ZAMANI
Denetim Alanı 20181213154923.0
008 - SABİT-BOY VERİ ELEMANLARI - GENEL BİLGİLER
Sabit Uzunlukta Kontrol Alanı 161103b tu 000 0
020 ## - ULUSLARARASI STANDART KİTAP NUMARASI
Uluslararası Standart Kitap Numarası 9754401144
035 ## - SİSTEM KONTROL NUMARASI
Sistem Kontrol Numarası 17726
040 ## - KATALOGLAMA KAYNAK
Orijinal Kataloglama Ajansı Milas
Kataloglama Dili tur
Metne Dönüştürmek Ajansı TR-AnCHP
041 ## - DİL KODU
Metin / Ses Parça Veya Ayrı Başlığın Dil Kodu tur
082 ## - DEWEY ONLU SINIFLANDIRMA NUMARASI
Sınıflandırma Numarası 337.142
Ürün Numarası A64a 1992
090 ## - SINIFLAMA NUMARASI
Sınıflama Numarası 337.142 A64a 1992
100 ## - ANA GİRİŞ - KİŞİSEL İSİM
Kişisel Ad Arıkbay, Canan
245 ## - BAŞLIK TABLOSU
Başlık Avrupa Topluluğu'na tam üyeliğin Türkiye'nin tarımsal ürünler üretimi, fiyatları ve dış ticaretinde yaratacağı olası değişmeler
Sorumluluk Tablosu, Vb Canan Arıkbay
260 ## - YAYIN, DAĞITIM, VB
Yayın, Dağıtım, Vb Yeri Ankara
Yayıncı, Dağıtıcı, Vs Adı Milli Prodüktivite Merkezi (MPM)
Yayın, Dağıtım, Vb Tarihi 1992
300 ## - FİZİKSEL TANIM
Kapsam 101 s.
Diğer Fiziksel Ayrıntıları çizelge
Boyutlar 23 sm.
490 ## - SERİSİ TABLOSU
Seri Beyanı Milli Prodüktivite Merkezi (MPM) Yayınları
Hacim / Ardışık Tanımı 479
504 ## - KAYNAKÇA VB NOT
Kaynakça Vb Notu Kaynakça var.
650 ## - KONU KATMA GİRİŞ - TOPİKAL DÖNEM
Topikal Süreli Veya Coğrafi Ad Giriş Elemanı Avrupa Ekonomi Topluluğu
650 ## - KONU KATMA GİRİŞ - TOPİKAL DÖNEM
Topikal Süreli Veya Coğrafi Ad Giriş Elemanı Uluslararası ekonomi
Genel Alt Bölümü Tarım
Kronolojik Alt Bölümü Dış ticaret
650 ## - KONU KATMA GİRİŞ - TOPİKAL DÖNEM
Topikal Süreli Veya Coğrafi Ad Giriş Elemanı AB
Genel Alt Bölümü Tam üyelik
Kronolojik Alt Bölümü Ticaret
942 ## - EKLENDİ GİRİŞ ELEMANLARI (KOHA)
Sınıflandırma Veya Raf Düzeni Kaynak
Koha Öğesi Türü Books
999 ## - SİSTEM KONTROL NUMARALARI (KOHA)
Koha Biblionumber 3189
Koha Biblioitemnumber 3189
Holdings
Kalıcı Konum Mevcut Konum Edinme Tarihi Edinim Kaynak Toplam Check-Out'Lar Tam Çağrı Numarası Barkod Tarih Son Görülme İtibaren Geçerli Fiyatlar Koha Öğesi Türü
CHP Kütüphanesi CHP Kütüphanesi 11/03/2016 Bağış   337.142 A64a 1992 008270 11/03/2016 11/03/2016 Books